01013nam a2200265 a 450000100100000000500170001000800410002702000150006804000250008308200170010810000380012524501310016326000280029430000330032249000360035550000420039165000300043365000420046370000440050583000440054991000070059304900090060095201210060999900170073000001855620200929165825.0100511s1985 sp a 000 j spa d a8420725943 aDO-SdBNPbspacBNPHU a863.5bA323c1 aAlas, Leopoldo,d1852-190194013310aCuentos /cLeopoldo Alas "Clarín" ; edición, introducción, notas, comentarios y apéndice de Antonio Ferraz Martínez. aMadrid :bAnaya,c1985. a151, [1] p. :bil. ;c19 cm.1 aBiblioteca didáctica Anayav4 aIncluye notas al pie de las páginas 4aCuentos españoles93194 4aLiteratura españolaySIGLO XX933261 aFerraz Martínez, Antonio,eed.940134 0aBiblioteca didáctica Anaya ;v498965 aWM aBNGR 001054708MOaGRbGRcHDd2010-05-11iLF1l0o863.5 A323cp18556-10r2020-06-25w2020-06-25y4ZPréstamo en sala c18076d18076